Entrepreneurship: information, reflection, and action (Record no. 62709)

MARC details
000 -LEADER
fixed length control field 01301nam a2200241 a 4500
008 - FIXED-LENGTH DATA ELEMENTS--GENERAL INFORMATION
fixed length control field 120416s1998 ||||||||||||||||| || u
020 ## - INTERNATIONAL STANDARD BOOK NUMBER
International Standard Book Number 9982070762
050 ## - LIBRARY OF CONGRESS CALL NUMBER
Classification number HB 615 Ron
100 ## - MAIN ENTRY--PERSONAL NAME
Personal name Ronan, Nessan J
245 10 - TITLE STATEMENT
Title Entrepreneurship: information, reflection, and action
260 ## - PUBLICATION, DISTRIBUTION, ETC.
Place of publication, distribution, etc. Kitwe
Name of publisher, distributor, etc. Copperbelt University
Date of publication, distribution, etc. 1998
300 ## - PHYSICAL DESCRIPTION
Extent 112p. ;ill.
350 ## -
-- 0.00
650 ## - SUBJECT ADDED ENTRY--TOPICAL TERM
Topical term or geographic name entry element ENTREPRENEURSHIP--INFORMATION
650 #0 - SUBJECT ADDED ENTRY--TOPICAL TERM
Topical term or geographic name entry element BUSINESS
650 ## - SUBJECT ADDED ENTRY--TOPICAL TERM
Topical term or geographic name entry element ENTREPRENEURSHIP--ACTION
650 ## - SUBJECT ADDED ENTRY--TOPICAL TERM
Topical term or geographic name entry element ENTREPRENEURSHIP--REFLECTION
995 ## -
-- MAIN LIBRARY OPEN ACCESS
-- 0.00
-- 729644
-- CBU-MAIN LIBRARY (Kitwe)
-- 1
-- 6.00
-- HB 615 Ron
-- 1
-- AVAILABLE
-- 021897
-- Main Library Open Access Collection
995 ## -
-- SPECIAL COLLECTIONS
-- 0.00
-- 9013182
-- CBU-MAIN LIBRARY (Kitwe)
-- 5
-- 6.00
-- ZAM HB 615 Ron
-- AVAILABLE
-- 9013182
-- Zambiana Collection
995 ## -
-- BINDERY (DAMAGED)
-- 0.00
-- 729642
-- CBU-MAIN LIBRARY (Kitwe)
-- 3
-- 6.00
-- HB 615 Ron
-- 3
-- DAMAGED
-- 021899
-- Main Library Open Access Collection
995 ## -
-- BINDERY (DAMAGED)
-- 0.00
-- 729643
-- CBU-MAIN LIBRARY (Kitwe)
-- 2
-- 6.00
-- HB 615 Ron
-- 2
-- DAMAGED
-- 021898
-- Main Library Open Access Collection
995 ## -
-- MAIN LIBRARY OPEN ACCESS
-- 0.00
-- 729681
-- CBU-MAIN LIBRARY (Kitwe)
-- 4
-- 6.00
-- HB 615 Ron
-- AVAILABLE
-- Jan 19, 2007
-- 021870
-- Main Library Open Access Collection
999 ## -
-- 62709
-- 62709
Holdings
Withdrawn status Lost status Source of classification or shelving scheme Damaged status Not for loan Permanent Location Current Location Shelving location Date acquired Total Checkouts Full call number Barcode Date last seen Price effective from Koha item type
          CBU-MAIN LIBRARY, KITWE. CBU-MAIN LIBRARY, KITWE.   12/16/2022   HB 615 Ron 021897 12/16/2022 12/16/2022 MONOGRAPH
          CBU-MAIN LIBRARY, KITWE. CBU-MAIN LIBRARY, KITWE.   12/16/2022   ZAM HB 615 Ron 9013182 12/16/2022 12/16/2022 MONOGRAPH
          CBU-MAIN LIBRARY, KITWE. CBU-MAIN LIBRARY, KITWE.   12/16/2022   HB 615 Ron 021899 12/16/2022 12/16/2022 MONOGRAPH
          CBU-MAIN LIBRARY, KITWE. CBU-MAIN LIBRARY, KITWE.   12/16/2022   HB 615 Ron 021898 12/16/2022 12/16/2022 MONOGRAPH
          CBU-MAIN LIBRARY, KITWE. CBU-MAIN LIBRARY, KITWE.   12/16/2022   HB 615 Ron 021870 12/16/2022 12/16/2022 MONOGRAPH